| 000 | 00453nam a2200181Ia 4500 | ||
|---|---|---|---|
| 008 | 180207s9999 xx 000 0 und d | ||
| 020 | _a9780394824901 | ||
| 050 | _bD756 1972 | ||
| 100 | _aDr. Seuss. | ||
| 245 | _aMarvin K. Mooney will you please go now! / | ||
| 245 | _cDr. Seuss. | ||
| 260 | _aNew York : | ||
| 260 | _bRandom House, Inc., | ||
| 260 | _c1972 | ||
| 300 | _aunpaged : | ||
| 300 | _bcolor illustration ; | ||
| 440 | _aDr. Seuss. | ||
| 999 |
_c355221 _d355221 |
||